00970cam a22002775a 45000010009000000050017000090080041000260200018000670400028000850820021001131000027001342450055001612500012002162600052002283000036002805000024003165040033003406500048003736500032004216510010004536530029004636550024004929420008005169990017005249520151005411741299420201128021259.0120802t2012 maua frb 001 0 eng d a9780124157965 aDLCcDLCdDLCdEG-ScBUE00a005.746222bSAY1 aSayood, Khalid.93812010aIntroduction to data compression /cKhalid Sayood. a4th ed. aWaltham :bMorgan Kaufmann / Elsevier,cc.2012. axxiii, 740 p. :bill. ;c25 cm. aIndex : p. 717-740. aBibliography : p. [699]-715. 0aData compression (Telecommunication)2BUEsh 7aCoding theory.2BUEsh92636 2BUEsh bENGGENbENGELCcJune2015 vreading book934232 2ddc c19492d19464 00102ddc40708BaccahaMAINbMAINcLOWd2015-06-04epurchaseg532.00l2m26o005.746 SAYp000038401r2025-07-15 00:00:00s2019-03-07v665.00yBB